UBT Library

Motivimi si faktor i menaxhimit ne kompani (Motivimi dhe performanca e punetorve ne institucionet bankare) (Record no. 46473)

000 -LEADER
fixed length control field 00348nam a22001217a 4500
008 - FIXED-LENGTH DATA ELEMENTS--GENERAL INFORMATION
fixed length control field 180606b xxu||||| |||| 00| 0 eng d
041 ## - LANGUAGE CODE
Language code of text/sound track or separate title eng
080 ## - UNIVERSAL DECIMAL CLASSIFICATION NUMBER
Universal Decimal Classification number 043.3
100 ## - Rafti
Rafti 0
101 ## - Shkurtesa
Shkurtesa MBE-BA
245 ## - TITLE STATEMENT
Title Motivimi si faktor i menaxhimit ne kompani (Motivimi dhe performanca e punetorve ne institucionet bankare)
Statement of responsibility, etc Gashi, V
942 ## - ADDED ENTRY ELEMENTS (KOHA)
Source of classification or shelving scheme
Item type Books
Holdings
Withdrawn status Lost status Source of classification or shelving scheme Damaged status Not for loan Collection code Permanent location Current location Shelving location Date acquired Total Checkouts Full call number Barcode Date last seen Price effective from Koha item type
          Koleksioni i përgjithshem UBT - Lipjan UBT - Lipjan Disertacionet 06/06/2018   043.3 Gashi, V 2012 002-3009421 06/06/2018 06/06/2018 Books
UBT Library © 2015-2024. All rights reserved University Education for Business and Technology